000 00857nam a22002417a 4500
005 20120924145118.0
008 120924t xxu||||| |||| 00| 0 eng d
010 _aENG-105951
020 _a9789380833569
_c850.00
035 _aEN-89484
037 _bDBAD/PUB
040 _aDPL
_bEnglish
082 _a351
100 _952124
245 _aPrinciples of public administration /
_cedited by Ashok Kumar
260 _aNew Delhi
_bGlobal Publishers
_c2012
270 _a4378/4B, G-4 JMD House, Murari Lal Street, Ansari Road, Daryaganj
_bNew Delhi
_e110002
_mglobalpublications4u@gmail.com
300 _avi,272p.
_c22cm(Hb)
500 _aIncludes index
700 _aAshok Kumar
_952123
942 _2ddc
_cEN
_mPRI
_h351
999 _c69808
_d69808